| 000 | 01339nam a2200181 a 4500 | ||
|---|---|---|---|
| 001 | 000045442 | ||
| 005 | 20201002052243.0 | ||
| 008 | 150325s1994 dr 000 0 spa d | ||
| 040 |
_aDO-SdBNP _bspa _cBNPHU |
||
| 082 |
_axxxx _bxxxx |
||
| 111 | 1 |
_aSeminario Internacional Violencia Doméstica, Salud y Legislacion _d(1993 : 18 de nov. _cSanto Domingo) _973494 |
|
| 245 | 1 | 0 |
_aViolencia contra la mujer a través de múltiples miradas / _ccompilación Gisela Quiterio Benítez. |
| 260 |
_aSanto Domingo : _bCentro de Apoyo Aquelarre, _c1994. |
||
| 300 |
_a64 p. ; _c21 cm. |
||
| 500 | _aIncluye referencias bibliográficas y notas al pie de las páginas. | ||
| 505 | 0 |
_a1a. pt. Ponencias seminario "violencia doméstica, salud y legislación -- _tApuntes para un debate interdisciplinario / _rDinnis Luciano _tLa violencia en los servicios de salud: la epidemia invisible _rMaritza Romero / _tAutoestima y violencia -- _rMargot Tapia / _tMarco conceptual de la ley de la violencia doméstica en Puerto Rico -- _rEsther Vicente / _tLa violencia conyugal frente a la administración de la justicia -- _rGiselle Molina -- _t2a. pt. Aspectos teóricos-metodológicos sobre violencia. _tSentir pensar y enfrentar la violencia / _rSaul Franco -- _tViolencia oculta: La depresión en la mujer / _rMay Brenes -- |
|
| 700 | 1 | 2 |
_aQuiterio Benítez, Gisela, _ecomp. _953428 |
| 999 |
_c44931 _d44931 |
||